|
|
|
|
| LEADER |
00000nta a2200000 i 4500 |
| 001 |
dolg3782 |
| 005 |
20180227142546.0 |
| 008 |
151203suuuu hu om 000 ger d |
| 040 |
|
|
|a BGE Dolgozattár Repozitórium
|b hun
|
| 041 |
|
|
|a de
|
| 100 |
1 |
|
|a Aczél Laura
|
| 245 |
1 |
0 |
|a Viel Reisen mit wenig Geld
|b Low Budget Tourismus- ist Sharing der neue Trend?
|c Aczél Laura
|h [elektronikus dokumentum]
|
| 695 |
|
|
|a Low Budget Tourismus
|
| 695 |
|
|
|a Sharing- Tourismus
|
| 700 |
1 |
|
|a Horváth Dr. Péter
|e ths
|
| 856 |
4 |
0 |
|u http://dolgozattar.uni-bge.hu/3782/1/Viel%20Reisen%20mit%20wenig%20Geld%3B%20Low%20Budget%20Tourismus-ist%20Sharing%20der%20neue%20Trend.pdf
|z Dokumentum-elérés
|